000 00602aab a2200193 4500
001 768714001
003 CO-MdFUSB
005 20240613130017.0
008 170523s2000 cr ||||| |||| 00| 0 spa d
022 _a1409-1968
040 _aCO-MdFUSB
_bspa
_cCO-MdFUSB
_dCO-MdFUSB
041 _aspa
100 1 _aYoung, José
_eautor
245 1 0 _aCuando una iglesia no es iglesia
_c/ José Young
300 _aVolumen 17. Número 2 (2000), páginas 92-93
_c: 27 cm.
773 0 _tApuntes Pastorales
_049442
_960147
_gVolumen 17. Número 2 (2000), páginas 92-93
_qPágina 92
942 _cANA
945 _aJTF-925
999 _c60038
_d60038